000 00394pam a2200145 a 4500
020 _a0828004684
_c
041 _h
082 _a613
_bJON
100 _aJones, Lucile H.
245 _aEight Sure Steps to Health & Happiness
_hTextual Documents
260 _aWashington:
_bReview and Herald Publishing Accociation,
_c1988.
300 _a75.
653 _aGeneral & Personal Hygiene
930 _a477
999 _c73790
_d73790